Star Wars: The Empire Strikes Back Characters - Statistics

General Stats
  • This quiz has been taken 244 times
  • The average score is 13 of 21
Answer Stats
Hint Character % Correct
Protagonist Luke Skywalker
100%
Secondary Protagonist Han Solo
98%
Golden Droid C3-PO
96%
Main Antagonist Darth Vader
96%
Nonverbal Droid R2-D2
96%
Wookie Friend Chewbacca
95%
Old, Wise Jedi Yoda
94%
Mentor to Protagonist Obi-Wan Kenobi
93%
Leader of Cloud City Lando Calrissian
92%
Mandalorian Bounty Hunter Boba Fett
91%
Princess Leia Organa
75%
Lizard Bounty Hunter Bossk
48%
Snow Creature Wampa
41%
Droid Bounty Hunter IG-88
39%
Cloud City Officer Lobot
34%
Naval Admiral Admiral Piett
33%
AT-AT Commander General Veers
31%
Turban Wearing Bounty Hunter Dengar
29%
Super Star Destroyer Commander Admiral Ozzel
20%
Naval Lieutenant Captain Needa
13%
Leader of a Crafty Species Chief Ugnaught
12%
No matching quizzes found
Score Distribution
Percent of People with Each Score
Percentile by Number Answered
Your Score History
You have not taken this quiz